Porovnanie prognostickej presnosti rôznych metód strojového učenia

Enregistré dans:
Détails bibliographiques
Auteur principal: Csápai, Ádám, 1996-
Autres auteurs: Mináriková, Erika, 1996-
Format: Chapitre de livre
Langue:anglais
Sujets:
Tags: Ajouter un tag
Pas de tags, Soyez le premier à ajouter un tag!

MARC

LEADER 00000naa$a2200000$$$4500
001 0289239
005 20240502074430.2
041 0 |a eng 
044 |a SK 
245 1 0 |a Porovnanie prognostickej presnosti rôznych metód strojového učenia  |c Ádám Csápai, Erika Mináriková 
500 |a Abstrakt 
610 2 0 |a učenie strojové 
610 2 0 |a Big Data 
610 2 0 |a inflácia 
610 2 0 |a prognózovanie 
100 1 |a Csápai, Ádám, 1996- 
700 1 |a Mináriková, Erika, 1996-